Nejasné licencie
Softvérové domy, ktoré pri udelení licencie svojim zákazníkom aplikujú modely bežné v západnej Európe či USA, môžu seba i svojich zákazníkov dostať do konfliktu so zákonom. Právna úprava nakladania so softvérom na Slovensku. Licenčné zmluvy upravené v autorskom zákone.
Gespeichert in:
| 1. Verfasser: | |
|---|---|
| Format: | Buchkapitel |
| Sprache: | Slowakisch |
| Schlagworte: | |
| Tags: |
Keine Tags, Fügen Sie das erste Tag hinzu!
|
MARC
| LEADER | 00000naa$a2200000$$$4500 | ||
|---|---|---|---|
| 001 | 0116978 | ||
| 005 | 20230929121226.8 | ||
| 041 | 0 | |a slo | |
| 044 | |a SK | ||
| 245 | 1 | 0 | |a Nejasné licencie |c Tomáš Nielsen |
| 520 | |a Softvérové domy, ktoré pri udelení licencie svojim zákazníkom aplikujú modely bežné v západnej Európe či USA, môžu seba i svojich zákazníkov dostať do konfliktu so zákonom. Právna úprava nakladania so softvérom na Slovensku. Licenčné zmluvy upravené v autorskom zákone. | ||
| 610 | 2 | 0 | |a softvér |
| 610 | 2 | 0 | |a technológie informačné |
| 610 | 2 | 0 | |a licencie |
| 610 | 2 | 0 | |a právo autorské |
| 100 | 1 | |a Nielsen, Tomáš | |